Music Quiz

Random Music or Song Quiz

Mystery Album IV Quiz Stats

 Plays Quiz not verified by Sporcle

Also try: Mystery Album V
Challenge
Share
Tweet
Embed
Score 0/16 Timer 03:00
0 Plays Today
Enter Number Track % Correct
Year (15 to reveal)???
93%
Artist (14 for first letter/s)???
59.6%
✯ Album ✯???
49.1%
05???
42.1%
06???
42.1%
07???
42.1%
08???
42.1%
09???
42.1%
Enter Number Track % Correct
10???
42.1%
11???
42.1%
13???
40.4%
12???
40.4%
03???
38.6%
04???
38.6%
02???
35.1%
01???
22.8%

You're not logged in!

Compare scores with friends on all Sporcle quizzes.
Join for Free
OR
Log In

You Might Also Like...

Show Comments

Extras

Top Quizzes Today


Score Distribution

Your Account Isn't Verified!

In order to create a playlist on Sporcle, you need to verify the email address you used during registration. Go to your Sporcle Settings to finish the process.

Report this User

Report this user for behavior that violates our Community Guidelines.

Details: